| 000 -ლიდერი |
| ფიქსირებული სიგრძის საკონტროლო ველი |
01562nam a2200265Ia 4500 |
| 001 - საკონტროლო ნომერი |
| საკონტროლო ველი |
23227 |
| 003 - საკონტროლო ნომრის იდენტიფიკატორი |
| საკონტროლო ველი |
GE_BSU |
| 005 - ბოლო ოპერაციის თარიღი და დრო |
| საკონტროლო ველი |
20230508105651.0 |
| 008 - ფიქსირებული სიგრძის მონაცემთა ელემენტები - ზოგადი ინფორმაცია |
| ფიქსირებული სიგრძის საკონტროლო ველი |
181216s1966||||ge |||||||||||||| ||geo|| |
| 040 ## - კატალოგიზაციის წყარო |
| Transcribing agency |
GE_BSU |
| 041 ## - ენის კოდი |
| Language code of text/sound track or separate title |
geo |
| 080 ## - უნივერსალური ათობითი კლასიფიკაციის ინდექსი |
| Universal Decimal Classification number |
94(479.22)"05/17 ბ-57 |
| 100 ## - მთავარი ჩანაწერი - პიროვნების სახელი |
| Personal name |
ბერძენიშვილი, ნიკოლოზ |
| 9 (RLIN) |
1447 |
| 245 ## - ცნობა სათაურის შესახებ |
| Title |
საქართველოს ისტორიის საკითხები: |
| Remainder of title |
წ. 3 [ფეოდალური ხანა] / |
| Statement of responsibility, etc |
ნიკოლოზ ბერძენიშვილი ; საქ. სსრ მეცნ. აკად., ივ. ჯავახიშვილის სახ. ისტორიის ინ-ტი. |
| 264 ## - წარმოების, გამოცემის, დისტრიბუციის და სხვა ცნობები |
| გამოცემის, წარმოების, დისტრიბუციის... ადგილი |
თბილისი : |
| გამოცემის, წარმოების, დისტრიბუციის... სახელწოდება |
მეცნიერება, |
| გამოცემის, წარმოების, დისტრიბუციის... თარიღი |
1966. |
| 300 ## - ფიზიკური აღწერა |
| Extent |
403 გვ. ; |
| Other physical details |
22 სმ. |
| 500 ## - ზოგადი შენიშვნა |
| General note |
პარალ. თავფურც. ქართ. და რუს. ენაზე. |
| 504 ## - BIBLIOGRAPHY, ETC. NOTE |
| Bibliography, etc |
ბიბლიოგრაფია ტექსტის შენიშვნებში. |
| 520 ## - SUMMARY, ETC. |
| Summary, etc |
გაშლ. თავფ. რუს. ენ. |
| 653 ## - INDEX TERM--UNCONTROLLED |
| Uncontrolled term |
საქართველოს ისტორიის საკითხები |
| 653 ## - INDEX TERM--UNCONTROLLED |
| Uncontrolled term |
ფეოდალური ხანა |
| 710 ## - ADDED ENTRY--CORPORATE NAME |
| Corporate name or jurisdiction name as entry element |
საქართველოს სსრ მეცნიერებათა აკადემია. |
| Subordinate unit |
ივ. ჯავახიშვილის სახ. ისტორიის ინსტიტუტი. |
| 9 (RLIN) |
18018 |
| 942 ## - ADDED ENTRY ELEMENTS (KOHA) |
| Koha item type |
წიგნი |
| Source of classification or shelving scheme |
|